Organización del gobierno en la iglesia: según el derecho canónico latino

Uloženo v:
Podrobná bibliografie
Hlavní autor: Viana, Antonio (Autor)
Médium: Kniha
Jazyk:španělština
Vydáno: Pamplona EUNSA 1997
Vydání:2a. ed
Témata:
Tagy: Přidat tag
Žádné tagy, Buďte první, kdo vytvoří štítek k tomuto záznamu!

MARC

LEADER 00000nam a2200000 a 4500
001 UCR7155
003 CL-VaPUC
008 980514e19970000SP |||||||||||||||||spa|d
082 0 4 |a 262.9  |b VIA  |2 21 
100 0 |a Viana, Antonio  |e author  |9 408476 
245 1 0 |a Organización del gobierno en la iglesia: según el derecho canónico latino 
250 |a 2a. ed 
300 |a 296 p 
942 |c BK 
945 |d 19980514 00:00:00  |a rbrito 
260 |a Pamplona  |b EUNSA  |c 1997 
650 7 |a DERECHO CANONICO  |2 CL-VaPUC  |9 408477 
650 0 |a Iglesia   |9 255004 
650 0 |a Sacramentos   |9 257270 
650 0 |a Gobierno eclesiástico  |9 258471 
650 0 |a Derecho eclesiástico  |9 255055 
583 |a last modification  |c 19980514 00:00:00  |k Rodrigo Vera 
999 |c 268968  |d 268966 
952 |0 0  |1 0  |4 0  |6 262_900000000000000_VIA_1997  |7 0  |8 A  |9 302527  |a BIBDER  |b BIBDER  |d 2019-11-20  |i 3897648  |l 1  |o 262.9 VIA 1997  |p 3897648  |r 2023-01-25  |s 2020-03-16  |w 2019-11-20  |y BK  |k DER